[Event "8th Banco di Roma"]
[Site "Rome ITA"]
[Date "1984.02.??"]
[Round "1"]
[White "Rivas Pastor, Manuel"]
[Black "Mednis, Edmar John"]
[Result "0-1"]
[WhiteElo "2500"]
[BlackElo "2460"]
[EventDate "1984.02.18"]
[PlyCount "206"]

1.d4 d5 2.c4 c6 3.Nf3 Nf6 4.e3 Bf5 5.Nc3 e6 6.Bd3 Bg6 7.O-O Nbd7 8.b3 Bd6 
9.Bb2 Ne4 10.Ne2 Qb8 11.g3 Nef6 12.Nf4 Bxd3 13.Nxd3 Be7 14.a4 O-O 15.Ba3 
Bxa3 16.Rxa3 dxc4 17.bxc4 c5 18.a5 Qc7 19.Qa4 Rfd8 20.Rd1 Rac8 21.Rb3 b6 
22.Nfe5 Nxe5 23.Nxe5 h6 24.axb6 axb6 25.Qb5 Rd6 26.Rbd3 Nd7 27.Nxd7 Qxd7 
28.Qb1 cxd4 29.Rxd4 Rxd4 30.Rxd4 Qc6 31.Qd3 g6 32.e4 e5 33.Rd8+ Rxd8 34.
Qxd8+ Kg7 35.Qd5 Qc7 36.Kf1 f6 37.Ke2 h5 38.Ke3 Qa7 39.h4 Qa3+ 40.Ke2 Qa2+
41.Kf1 Qb1+ 42.Kg2 Qc2 43.Qd7+ Kf8 44.Qc8+ Kf7 45.Qd7+ Kf8 46.Qe6 Qxe4+ 
47.Kh2 Kg7 48.Qe7+ Kg8 49.Qxf6 Kh7 50.Qf7+ Kh8 51.Qf6+ Kh7 52.Qxb6 Qxc4 
53.Qb7+ Kg8 54.Qb8+ Kh7 55.Qxe5 Qc6 56.Qe7+ Kg8 57.Qe3 Kg7 58.Kg1 Qc4 59.
Kg2 Qd5+ 60.Qf3 Qe6 61.Qa8 Qc4 62.Qb7+ Kg8 63.Qb8+ Kh7 64.Qa7+ Kg8 65.Qb7 
Qd3 66.Qc8+ Kg7 67.Qe6 Qd1 68.Qc4 Kf8 69.Qc3 Kg8 70.Qf3 Qd7 71.Qe4 Kh7 72.
Kf3 Qd1+ 73.Kg2 Kg7 74.Qb7+ Kg8 75.Qe4 Kg7 76.Qf3 Qc2 77.Qb7+ Kg8 78.Qb8+ 
Kh7 79.Qa7+ Kg8 80.Kf3 Qd3+ 81.Qe3 Qf5+ 82.Kg2 Qd5+ 83.f3 Qd6 84.g4 hxg4 
85.fxg4 Kg7 86.g5 Qd5+ 87.Kf2 Qf7+ 88.Kg3 Qc7+ 89.Kf3 Qf7+ 90.Kg2 Qb7+ 91.
Kf2 Qf7+ 92.Ke1 Qc4 93.Qe7+ Kg8 94.Qe8+ Kg7 95.Qd7+ Kg8 96.Qe8+ Kg7 97.
Qe5+ Kg8 98.Qg3 Qc1+ 99.Kf2 Qd2+ 100.Kg1 Qd1+ 101.Kh2 Qe2+ 102.Kh3 Qf1+ 
103.Kg4 Qf5# 0-1

[Event "8th Banco di Roma"]
[Site "Rome ITA"]
[Date "1984.02.??"]
[Round "3"]
[White "Rivas Pastor, Manuel"]
[Black "Pinter, Jozsef"]
[Result "0-1"]
[WhiteElo "2500"]
[BlackElo "2515"]
[EventDate "1984.02.18"]
[PlyCount "90"]

1.d4 Nf6 2.Nf3 d5 3.c4 e6 4.Bg5 dxc4 5.Qa4+ Nbd7 6.Qxc4 Be7 7.Nc3 a6 8.Rd1
b5 9.Qb3 O-O 10.e3 Bb7 11.Be2 c5 12.dxc5 Qc7 13.Bxf6 Bxf6 14.O-O Nxc5 15.
Qa3 Rac8 16.Nd4 Be7 17.b4 Nd7 18.Rc1 Qb8 19.Qb3 Ne5 20.a4 bxa4 21.Qxa4 Qa8
22.f3 Nc4 23.Bxc4 Rxc4 24.Na2 Rxc1 25.Nxc1 Bg5 26.Qa3 Rd8 27.Kh1 Qc8 28.f4
Bf6 29.Nce2 h5 30.Kg1 h4 31.h3 Be4 32.Ra1 Bb7 33.Qc1 Qd7 34.Qe1 Qd5 35.Qf1
Qc4 36.Rb1 Qd3 37.Rb3 Qd2 38.Kh1 Re8 39.b5 Bxd4 40.exd4 axb5 41.f5 b4 42.
fxe6 fxe6 43.Rb1 Ba6 44.Re1 b3 45.Qf2 b2 0-1